Kapitoly z české poetiky Díl první Obecné věci básnictví

Bibliographic Details
Main Author: Mukařovský, Jan, 1891-1975 (Author)
Format: Book
Language:Czech
PhysicalDescription:349 s. 21 cm
Published: Praha Svoboda 1948
Edition:2. vyd. v Svobodě 1. vyd.
Subjects:

MARC

LEADER 00000nam a2200000 a 4500
001 vtls001419649
003 SK-MaSNL
005 20260301012753.0
008 240315s1948 xr r 0 00m cze
035 |a SNK000374474 
040 |a SNK  |b slo  |c SNK  |e AACR2 
041 0 |a cze 
044 |a xr  |c SK 
072 7 |a 82.0  |x Literatúra (teória)  |2 konspekt 
080 |a 82.0:801.6  |2 2001 
080 |a 821.162.3.09  |2 2001 
100 1 |a Mukařovský, Jan,  |d 1891-1975  |4 aut  |9 110929 
245 1 0 |a Kapitoly z české poetiky  |n Díl první  |p Obecné věci básnictví  |c Jan Mukařovský 
246 3 0 |a Obecné věci básnictví 
250 |a 2. vyd. v Svobodě 1. vyd. 
260 |a Praha  |b Svoboda  |c 1948 
300 |a 349 s.  |c 21 cm 
500 |a Kosová-Kolecsanyi, Mária, Dar 
650 0 7 |a poetika  |2 SNKPH  |9 26963 
650 0 7 |a literárna veda  |2 SNKPH  |9 1137 
650 0 7 |a česká literatúra  |2 SNKPH  |9 1178 
700 1 |a Kosová-Kolečányi, Mária,  |d 1918-1985  |4 dnr  |9 120029 
852 |a Slovenská národná knižnica 
999 |c 554338  |d 556268 
952 |t P60, <04>, [BOOK], {604}  |a SNK  |b SNK  |y VYP  |7 0  |p 17A0311485  |o snkIC 4600/1 D1  |0 0  |1 1  |4 0  |d 2001-09-04  |l 0  |r 2005-01-02 00:00:00  |w 2026-02-23 
952 |a SNK  |b SNK  |y VYP  |7 0  |p 17A0557483  |o snkIC 4600/1  |i snkVIII. 104/48  |3 rekatalogizácia  |0 0  |1 0  |4 0  |d 2007-08-03  |l 0  |r 2026-02-23 13:20:40  |w 2026-02-23